Prílev priamych zahraničných investícií do krajín V4: komparatívna analýza

Úloha priamych zahraničných investícií (PZI), ako aj veľkosť ich prílevu bola a je v krajinách V4 závislá od politických rozhodnutí jednotlivých vlád a procesu transformácie/privatizácie, v ktorej sa jednotlivé ekonomiky krajín V4 nachádzali. Prílev PZI do Slovenskej republiky. Charakteristické znak...

Descripción completa

Guardado en:
Detalles Bibliográficos
Autor principal: Darmo, Ľubomír, 1984-
Formato: Capítulo de libro
Lenguaje:eslovaco
Materias:
Etiquetas: Agregar Etiqueta
Sin Etiquetas, Sea el primero en etiquetar este registro!

MARC

LEADER 00000nla a2200000 4500
001 0225687
005 20240502073712.4
041 0 |a slo 
044 |a SK 
245 1 0 |a Prílev priamych zahraničných investícií do krajín V4: komparatívna analýza  |c Ľubomír Darmo 
520 |a Úloha priamych zahraničných investícií (PZI), ako aj veľkosť ich prílevu bola a je v krajinách V4 závislá od politických rozhodnutí jednotlivých vlád a procesu transformácie/privatizácie, v ktorej sa jednotlivé ekonomiky krajín V4 nachádzali. Prílev PZI do Slovenskej republiky. Charakteristické znaky prílevu PZI v Českej republike. Prílev PZI do Poľska. Prílev PZI do Maďarska. Porovnanie prílevu PZI do krajín V4. 
610 2 0 |a investície priame zahraničné 
610 2 0 |a porovnanie medzinárodné 
610 2 0 |a Vyšehradská štvorka 
100 1 |a Darmo, Ľubomír, 1984-